Religion Quiz

Random Religion Quiz

Pastafarian facts Quiz Stats

 Plays Quiz not verified by Sporcle

Challenge
Share
Tweet
Embed
Score 0/10 Timer 05:00
0 Plays Today
What did they do? Answer % Correct
Our noodly master.The flying spaghetti monster
97.2%
Our heaven has this type of volcanobeer
64.2%
Reason global temperatures are increasing.pirates
59.6%
Our heaven has this type of factoryStripper
58.7%
In the beginning there was a mountain, a tree and a what?midget
41.3%
State where bobby sent the first letter to bring pastafarians back into the limelightKansas
37.6%
prophet of the flying spaghetti monster. First and last name.bobby henderson
30.3%
Free'd the short order chefs.mosey
16.5%
Number of people in the pastafarian church.10 million
16.5%
Said 'In the begining there was a word, and the word was ARRRRGH!'Piraticus
14.7%

You're not logged in!

Compare scores with friends on all Sporcle quizzes.
Join for Free
OR
Log In

You Might Also Like...

Show Comments

Extras

Created Apr 15, 2010ReportNominate
Tags:extra, heading, icon

Top Quizzes Today


Score Distribution

Your Account Isn't Verified!

In order to create a playlist on Sporcle, you need to verify the email address you used during registration. Go to your Sporcle Settings to finish the process.

Report this User

Report this user for behavior that violates our Community Guidelines.

Details: